000 00434nam a22001817a 4500
005 20251108170727.0
008 250721s1994 xx 000 0 eng d
082 1 4 _a616.01/MED
100 1 _aMurray, Patrick R
245 1 0 _aMedical microbiolgy /
250 _a2nd ed
264 1 _aLondon :
_bWolfe,
_c1994.
300 _a755p
650 1 7 _amicrobiology
650 1 7 _aMedical microbiology
942 _2ddc
_cBK
999 _c47583
_d47583